Температурная зависимость релаксационных параметров спектральных линий двухатомных молекул; Известия Томского политехнического университета [Известия ТПУ]; Т. 319, № 2 : Математика и механика. Физика

Dades bibliogràfiques
Parent link:Известия Томского политехнического университета [Известия ТПУ]/ Томский политехнический университет (ТПУ).— , 2000-
Т. 319, № 2 : Математика и механика. Физика.— 2011.— [С. 128-133]
Altres autors: Быков А. Д., Емельянов Д. С., Стройнова В. Н. Валентина Николаевна, Тюрин Ю. И. Юрий Иванович
Sumari:Заглавие с титульного листа
Электронная версия печатной публикации
Представлены результаты вычислений температурной зависимости полуширин и сдвигов центров линий молекул CO, HF в плазме атмосферного давления. Использована теоретическая модель, включающая правильное описание внутримолекулярной динамики высоковозбужденных колебательных состояний молекул. Вычисления проведены с применением программного комплекса RELAX.
Idioma:rus
Publicat: 2011
Col·lecció:Математика и механика. Физика
Matèries:
Accés en línia:http://www.lib.tpu.ru/fulltext/v/Bulletin_TPU/2011/v319/i2/27.pdf
Format: MixedMaterials Electrònic Capítol de llibre
KOHA link:https://koha.lib.tpu.ru/cgi-bin/koha/opac-detail.pl?biblionumber=203238

MARC

LEADER 00000nla2a2200000 4500
001 203238
005 20240210121117.0
035 |a (RuTPU)RU\TPU\book\221470 
035 |a RU\TPU\book\221463 
090 |a 203238 
100 |a 20111101d2011 k y0rusy50 ca 
101 0 |a rus 
102 |a RU 
135 |a drnn ---uucaa 
181 0 |a i  
182 0 |a b 
200 1 |a Температурная зависимость релаксационных параметров спектральных линий двухатомных молекул  |f А. Д. Быков [и др.] 
203 |a Текст  |c электронный 
215 |a 1 файл (110 Кб) 
225 1 |a Математика и механика. Физика 
300 |a Заглавие с титульного листа 
300 |a Электронная версия печатной публикации 
320 |a [Библиогр.: с. 133 (18 назв.)] 
330 |a Представлены результаты вычислений температурной зависимости полуширин и сдвигов центров линий молекул CO, HF в плазме атмосферного давления. Использована теоретическая модель, включающая правильное описание внутримолекулярной динамики высоковозбужденных колебательных состояний молекул. Вычисления проведены с применением программного комплекса RELAX. 
337 |a Adobe Reader 
461 1 |0 (RuTPU)RU\TPU\book\176237  |t Известия Томского политехнического университета [Известия ТПУ]  |f Томский политехнический университет (ТПУ)  |d 2000- 
463 1 |0 (RuTPU)RU\TPU\book\221233  |x 1684-8519  |t Т. 319, № 2 : Математика и механика. Физика  |v [С. 128-133]  |d 2011  |p 167 с. 
610 1 |a уровни энергии 
610 1 |a волновые функции 
610 1 |a полушиирина линии 
610 1 |a спектральные линии 
610 1 |a двухатомные молекулы 
610 1 |a плазма 
610 1 |a внутримолекулярная динамика 
610 1 |a колебательные состояния 
610 1 |a молекулы 
610 1 |a теоретические модели 
610 1 |a труды учёных ТПУ 
610 1 |a электронный ресурс 
701 1 |a Быков  |b А. Д. 
701 1 |a Емельянов  |b Д. С. 
701 1 |a Стройнова  |b В. Н.  |c российский физик  |c доцент Томского политехнического университета, кандидат физико-математических наук  |f 1955-  |g Валентина Николаевна  |3 (RuTPU)RU\TPU\pers\25475 
701 1 |a Тюрин  |b Ю. И.  |c физик  |c профессор Томского политехнического университета, доктор физико-математических наук  |f 1950-  |g Юрий Иванович  |3 (RuTPU)RU\TPU\pers\19873  |9 7810 
801 1 |a RU  |b 63413507  |c 20090623  |g PSBO 
801 2 |a RU  |b 63413507  |c 20211229  |g PSBO 
856 4 |u http://www.lib.tpu.ru/fulltext/v/Bulletin_TPU/2011/v319/i2/27.pdf 
942 |c CF